Egypt 1900 : the view through postcards = Égypte 1900 : vue par les cartes postales /

محفوظ في:

المؤلف الرئيسي: Blottière, Alain, 1954- (مؤلف)

مؤلفون آخرون: Iverson, Barry.

التنسيق: كتاب

اللغة: English
French

الموضوعات:

الوسوم: إضافة وسم

لا توجد وسوم, كن أول من يضع وسما على هذه التسجيلة!

رقم الطلب: NC1875 .B5x 1993

LEADER 01108namaa2200313 4500
001 15003
003 OSt
005 20201103093218.0
008 130303s1993 ua a g 000 0 eng d
952 |0 0  |1 0  |2 lcc  |4 0  |6 NC1875 B5 X1993  |7 1  |9 7257  |a ARCE  |b ARCE  |d 2020-11-03  |l 0  |o NC1875 .B5x 1993  |p 1023437  |r 2020-11-03 00:00:00  |w 2020-11-03  |y BK 
999 |c 15348  |d 15348 
040 |c ARCE Library 
041 0 |a eng  |a fre 
043 |a f-ua--- 
050 0 4 |a NC1875 .B5x 1993 
100 1 |a Blottière, Alain,  |d 1954-  |e author 
245 1 0 |a Egypt 1900 :   |b the view through postcards = Égypte 1900 : vue par les cartes postales /  |c Alain Blottiere ; with a foreword by avant-propos de Barry Iverson. 
246 3 1 |a Égypte 1900 
264 1 |a Cairo :  |b Zeituna,  |c c1993. 
300 |a xix, 47 pages :  |b illustrations ;  |c 18 x 25 cm. 
336 |a text  |b txt  |2 rdacontent 
337 |a unmediated  |b n  |2 rdamedia 
338 |a volume  |b nc  |2 rdacarrier 
546 |a Texy in English and French. 
650 0 |a Postcards  |z Egypt. 
651 0 |a Egypt  |v Pictorial works. 
700 1 |a Iverson, Barry.  |9 33002 
901 |a reviewed 
942 |c BK  |2 lcc